banner koha

Sensitivity of Digitaria insularis to herbicides in agricultural areas, in the Brazilian Cerrado biome (Registro n. 298865)

MARC details
000 -LÍDER
fixed length control field 04001nab a2200301 i 4500
003 - CÓDIGO MARC DA AGÊNCIA CATALOGADORA
Campo de controle BR-BrBNA
005 - DATA E HORA DA ÚLTIMA ATUALIZAÇÃO
Campo de controle 20240320123224.0
008 - CAMPO DE TAMANHO FIXO
fixed length control field 240320b2020 bl.ar|pooa||| 00| 0 eng |
040 ## - FONTE DA CATALOGAÇÃO
Agência catalogadora BR-BrBNA
Idioma da catalogação eng
072 ## - CATEGORIA AGRIS
Código AGRIS H60
Código do objeto 3876
100 ## - ENTRADA PRINCIPAL - NOME PESSOAL
Nome pessoal Correia, Núbia Maria
100 ## - ENTRADA PRINCIPAL - NOME PESSOAL
Nome pessoal Rampazzo, Pedro Eduardo
100 ## - ENTRADA PRINCIPAL - NOME PESSOAL
Nome pessoal Araújo, Lucas da Silva
100 ## - ENTRADA PRINCIPAL - NOME PESSOAL
Nome pessoal Rossi, Caio Vitagliano Santi
245 ## - TÍTULO PRINCIPAL
Título principal Sensitivity of Digitaria insularis to herbicides in agricultural areas, in the Brazilian Cerrado biome
500 ## - NOTA GERAL
Nota geral Publicação on-line; 21 ref.; 4 illus.; 2 tables; Summaries (En, Pt)
942 ## - ADDED ENTRY ELEMENTS (KOHA)
Koha item type
520 ## - NOTA DE RESUMO
Nota de conteúdo <br/><br/>Abstract – The objective of this work was to evaluate the sensitivity of different populations of Digitaria insularis to the glyphosate, clethodim, and haloxyfop-P-methyl herbicides, in agricultural areas, and to develop infestation maps based on the responses of these populations. One hundred sixty-one populations suspected of being resistant were evaluated and compared to a susceptible population. When plants displayed three to four tillers, the populations were sprayed with glyphosate (1,000 g ha-1 a.e.), clethodim (108 g ha-1 a.i. + 0.5% mineral oil), and haloxyfop-P-methyl (62.35 g ha-1 a.i. + 0.5% mineral oil); plants without herbicide application were used as the control. The plant populations were classified as susceptible, intermediately resistant (with susceptible and resistant plants), or resistant to the tested herbicides. All populations were susceptible to clethodim; 97.5% were susceptible and 2.5% were intermediately resistant to haloxyfop-P-methyl; and 9.9% were susceptible, 21.1% intermediately resistant, and 68.9% resistant to glyphosate. Glyphosate-resistant populations are homogeneously distributed throughout the evaluated regions. There are no cases of D. insularis multiple resistance in the sampled regions; however, cross-resistance to glyphosate and haloxyfopP-methyl was detected. <br/><br/><br/>Index terms: clethodim, glyphosate, haloxyfop-P-methyl, sourgrass, weed
520 ## - NOTA DE RESUMO
Nota de conteúdo <br/><br/>Resumo – O objetivo deste trabalho foi avaliar a sensibilidade de diferentes populações de Digitaria insularis aos herbicidas glifosato, cletodim e haloxifope-P-metílico, em áreas agrícolas, e elaborar mapas de infestação com base na resposta das populações aos herbicidas. Cento e sessenta e uma populações com suspeita de serem resistentes foram avaliadas e comparadas a uma população suscetível. Quando as plantas estavam com três a quatro perfilhos, as populações foram pulverizadas com glifosato (1.000 g ha-1 e.a.), cletodim (108 g ha-1 i.a. + 0,5% de óleo mineral) e com haloxifope-P-metílico (62,35 g ha-1 i.a. + 0,5% de óleo mineral); plantas sem aplicação de herbicidas foram usadas como controle. As populações foram classificadas como sensíveis, resistentes ou intermediárias (com plantas sensíveis e resistentes) aos herbicidas-teste. Todas as populações foram sensíveis ao cletodim; 97,5% foram sensíveis e 2,5% intermediárias a haloxifope-P-metílico; e 9,9% foram sensíveis, 21,1% intermediárias e 68,9% resistentes ao glifosato. Populações resistentes ao herbicida glifosato estão dispersas homogeneamente nas regiões avaliadas. Não há casos de resistência múltipla de D. insularis nas regiões amostradas; no entanto, detectou-se resistência cruzada a glifosato e a haloxifope-P-metílico. <br/><br/><br/>Termos para indexação: cletodim, glifosato, haloxifope-P-metílico, capimamargoso, plantas daninhas.
650 ## - ASSUNTO - THESAGRO
Cabeçalho tópico ou nome geográfico CAPIM GORDO
650 ## - ASSUNTO - THESAGRO
Cabeçalho tópico ou nome geográfico ERVA DANINHA
650 ## - ASSUNTO - THESAGRO
Cabeçalho tópico ou nome geográfico HERBICIDA
650 ## - ASSUNTO - THESAGRO
Cabeçalho tópico ou nome geográfico DEFESA VEGETAL
650 ## - ASSUNTO - THESAGRO
Cabeçalho tópico ou nome geográfico CERRADO
773 0# - ENTRADA ANALÍTICA
Host Biblionumber 920
Registro do item 25800
Imprenta Brasília-DF Empresa Brasileira de Pesquisa Agropecuária - EMBRAPA 1966-
Outro identificador 2023-436355
Título Pesquisa Agropecuária Brasileira (Brazil)
ISSN 0100-204X
Colação v. 55 p. 1-14; (2020)
Número de controle de registro BR2024000240
856 ## - ACESSO E ENDEREÇO ELETRÔNICO
Identificador uniforme de recurso - URI https://www.scielo.br/j/pab/a/8qWwggdmQjb7Trx9hQc3mwc/?format=pdf&lang=en

Nenhum exemplar disponível.

BINAGRI

Telefone: (61)3218-2567/2388/3357/2097 - binagri@agro.gov.br

Ministério da Agricultura e Pecuária , Esplanada dos Ministérios, Bloco D, Anexo B, Brasília/DF, CEP: 70.043-900